Southville International School and Colleges
Your cart is empty.
  • Cart
  • Lists
    Public lists Eva Luna New books Lux_list list_1
    Your lists Log in to create your own lists
  • Log in to your account
  • Your cookies
  • Search history
Southville International School and Colleges
  • Advanced search
  • Recent comments
  • Most popular
  • Libraries

Log in to your account

Log in with GOOGLE


If you do not have an external account, but do have a local account, you can still log in:

  1. Home
  2. MARC view: TOEIC test :
Normal view MARC view ISBD view

TOEIC test : (Record no. 7219)

[ view plain ]
MARC details
000 -LEADER
fixed length control field 00682nam a22002297a 4500
003 - CONTROL NUMBER IDENTIFIER
control field OSt
005 - DATE AND TIME OF LATEST TRANSACTION
control field 20140310181927.0
008 - FIXED-LENGTH DATA ELEMENTS--GENERAL INFORMATION
fixed length control field 130720t xxu||||| |||| 00| 0 eng d
020 ## - INTERNATIONAL STANDARD BOOK NUMBER
International Standard Book Number 9780764135507
050 ## - LIBRARY OF CONGRESS CALL NUMBER
Classification number PE 1128
Item number .L644 2007
082 ## - DEWEY DECIMAL CLASSIFICATION NUMBER
Classification number TR 428.0076
Item number L92 2007
100 ## - MAIN ENTRY--PERSONAL NAME
Personal name Lougheed, Lin
9 (RLIN) 2429
245 ## - TITLE STATEMENT
Title TOEIC test :
Remainder of title Students' #1 choice /
Statement of responsibility, etc Lin Lougheed.
300 ## - PHYSICAL DESCRIPTION
Extent 635 p. :
Dimensions 28 cm.
500 ## - GENERAL NOTE
General note 3 audio cd
521 ## - TARGET AUDIENCE NOTE
Target audience note
541 ## - IMMEDIATE SOURCE OF ACQUISITION NOTE
-- 1
562 ## - COPY AND VERSION IDENTIFICATION NOTE
Number of copies 1
650 ## - SUBJECT ADDED ENTRY--TOPICAL TERM
Topical term or geographic name as entry element English language
General subdivision Study guides.
-- Examinations
9 (RLIN) 2430
650 ## - SUBJECT ADDED ENTRY--TOPICAL TERM
Topical term or geographic name as entry element 2. Test of English for International Communication
General subdivision Study guides.
9 (RLIN) 2431
942 ## - ADDED ENTRY ELEMENTS (KOHA)
Source of classification or shelving scheme Library of Congress Classification
Koha item type
Call number prefix
Holdings
Withdrawn status Lost status Source of classification or shelving scheme Damaged status Home library Current library Shelving location Date acquired Total Checkouts Total Renewals Full call number Barcode Date last seen Date checked out Copy number Price effective from Koha item type
    Library of Congress Classification   Luxembourg Library Luxembourg Library Teachers Reference Section 07/20/2013 6 5 PE 1128 .L644 2007 18544 05/27/2024 04/04/2024 1 07/20/2013 Books

TOEIC test :

APA

Lougheed L., .TOEIC test. : .

Chicago

Lougheed Lin, .TOEIC test. : .

Harvard

Lougheed L., .TOEIC test. : .

MLA

Lougheed Lin, .: . .

  • Place hold
  • Print
  • Cite
  • Add to your cart (remove)
  • Save record
    BIBTEX Dublin Core MARCXML MARC (non-Unicode/MARC-8) MARC (Unicode/UTF-8) MARC (Unicode/UTF-8, Standard) MODS (XML) RIS
  • More searches
    Search for this title in:
    Other Libraries (WorldCat) Other Databases (Google Scholar) Online Stores (Bookfinder.com) Open Library (openlibrary.org)

Exporting to Dublin Core...

SOUTHVILLE LIBRARY

Southville International School and Colleges Library

1281 Tropical Ave. Cor. Luxembourg St., BF Homes International, Las Pinas City

Tel. No. 8256374 / 252358 Loc. 117/146

Powered by Koha